States with Most Universities - Statistics

General Stats
  • This quiz has been taken 31 times
  • The average score is 7 of 15
Answer Stats
Rank Public Universities Private Universities State % Correct
2 53 172 California
100%
3 45 180 New York
97%
1 45 254 Texas
97%
5 42 87 Florida
53%
7 12 93 Illinois
50%
6 36 75 Ohio
47%
8 15 78 Massachusetts
40%
9 21 64 Michigan
40%
11 30 38 Georgia
33%
4 45 112 Pennsylvania
30%
15 16 42 Virginia
27%
14 23 40 Indiana
17%
10 13 60 Missouri
17%
12 38 25 Washington
17%
13 41 22 Alabama
3%
No matching quizzes found
Score Distribution
Percent of People with Each Score
Percentile by Number Answered
Your Score History
You have not taken this quiz